Shiksha mmonobigyan (Record no. 2158)

MARC details
000 -LEADER
fixed length control field 00483cam a2200193ua 4500
001 - CONTROL NUMBER
control field 2298
005 - DATE AND TIME OF LATEST TRANSACTION
control field 20260515113454.0
008 - FIXED-LENGTH DATA ELEMENTS--GENERAL INFORMATION
fixed length control field 110805n ii |||gr||||Z||||||asm
040 ## - CATALOGING SOURCE
Transcribing agency MAIN
082 ## - DEWEY DECIMAL CLASSIFICATION NUMBER
Classification number 370.15
100 ## - MAIN ENTRY--PERSONAL NAME
Personal name Sharma, Mukul Kr.,
Relator term Author.
245 1# - TITLE STATEMENT
Title Shiksha mmonobigyan
Statement of responsibility, etc. by mukul Kr. Sharma
250 ## - EDITION STATEMENT
Edition statement 3rd.
260 ## - PUBLICATION, DISTRIBUTION, ETC.
Place of publication, distribution, etc. Dibrugarh:
Name of publisher, distributor, etc. Students emporium,998.
300 ## - PHYSICAL DESCRIPTION
Extent 464p:
Other physical details ill;
Dimensions 23cm.
653 ## - INDEX TERM--UNCONTROLLED
Uncontrolled term Education
653 ## - INDEX TERM--UNCONTROLLED
Uncontrolled term Shiksha mmonobigyan
942 ## - ADDED ENTRY ELEMENTS (KOHA)
Koha item type Books
Holdings
Withdrawn status Lost status Damaged status Not for loan Home library Current library Shelving location Date acquired Total checkouts Full call number Barcode Date last seen Copy number Price effective from Koha item type
        Naharkatiya College Library Naharkatiya College Library General stacks 09/19/2020   370.15 | SHA 11583 09/19/2020 2 09/19/2020 Books
        Naharkatiya College Library Naharkatiya College Library General stacks 09/19/2020   370.15 | SHA 11586 09/19/2020 1 09/19/2020 Books